000 00952naa a22002897a 4500
001 BR7808102
003 BR-BrBNA
005 20250714162952.0
007 ta
008 250630b bl.|||m| |||| 00| 0 por d
040 _aBR-BrBNA
_bpor
_cBiblioteca Nacional de Agricultura
041 _a(Pt)
072 _aD10; P11; F06
090 _aD10 BR7808102
100 1 _aBarreto, G.B.
100 1 _aVerdade, F. da C.
245 1 _aIrrigacao e drenagem para fins agricolas
500 _aCiencia e Tecnologia no estado de Sao Paulo 3. Agropecuaria Solo [np](Brasil): [nd]. p. 38-67 (BR7808102-AMS)
773 0 _tCiencia e Tecnologia no estado de Sao Paulo 3. Agropecuaria Solo
_wD10 BR7808102
_g[np](Brasil), [nd]. p. 38-67
650 _aIRRIGACAO
650 _aDRENAGEM
650 _aINSTITUICAO AGRICOLA
650 _aSAO PAULO
490 _aPublicacao ACIESP (Brazil)
_vno. 4
942 _cAMS
_2AGRIS
909 _a202506
_bLúcia
_c55
_dLúcia Elande
999 _c333184
_d333184